| 000 | 00000nas##2200000za#4500 |
| 001 | 9.512268 |
| 003 | CaOODSP |
| 005 | 20200325115752 |
| 007 | ta |
| 008 | 150406c2007||||xxc|| p #||||f| |0eng|d |
| 040 | |aCaOODSP|beng |
| 041 | |aeng |
| 041 | |afre |
| 043 | |an-cn--- |
| 086 | 1 |aET2-2 |
| 110 | 1 |aCanada.|bOffice of the Ethics Commissioner. |
| 245 | 10|aList of sponsored travel presented to the House of Commons : |bmade under the Conflict of Interest Code for Members of the House of Commons |
| 260 | |aOttawa - Ontario : |bOffice of the Ethics Commissioner |
| 310 | |aAnnual |
| 362 | 1 |a2007 -- |
| 563 | |aSoftcover |
| 690 | 07|aConflicts of interest|2gcpds |
| 690 | 07|aEthics|2gcpds |
| 690 | 07|aTravel|2gcpds |
| 776 | 0#|tList of sponsored travel presented to the House of Commons |w(CaOODSP)9.506389 |
| 792 | |tLa liste de déplacements parrainés présentée à la Chambre des communes : |efre|w(CaOODSP)9.512269 |